Teorías subjetivas: aspectos teóricos y prácticos
Uloženo v:
| Hlavní autor: | |
|---|---|
| Médium: | Kniha |
| Jazyk: | španělština |
| Vydáno: |
La Serena
Editorial Universidad de la Serena
2010
|
| Vydání: | 1a. ed |
| Témata: | |
| Tagy: |
Přidat tag
Žádné tagy, Buďte první, kdo vytvoří štítek k tomuto záznamu!
|
MARC
| LEADER | 00000cam a2200000 a 4500 | ||
|---|---|---|---|
| 001 | UCC0574 | ||
| 003 | CL-VaPUC | ||
| 008 | 170818e20100200cl |||||||||||||||||spa|d | ||
| 020 | |a 9789567393442 | ||
| 082 | 0 | 4 | |a 121 |b CAT |2 21 |
| 100 | 0 | |a Catalán Ahumada, Jorge |e author |9 594575 | |
| 245 | 1 | 0 | |a Teorías subjetivas: aspectos teóricos y prácticos |
| 250 | |a 1a. ed | ||
| 300 | |a 282 p | ||
| 942 | |c BK | ||
| 945 | |d 20170818 15:36:00 |a arojas | ||
| 260 | |a La Serena |b Editorial Universidad de la Serena |c 2010 | ||
| 650 | 0 | |a Cognición |9 270347 | |
| 650 | 0 | |a Teoría del conocimiento |9 255038 | |
| 650 | 7 | |a HIPOTESIS |2 CL-VaPUC |9 594576 | |
| 583 | |a last modification |c 20170818 15:36:00 |k Rodrigo Vera | ||
| 999 | |c 369378 |d 369376 | ||
| 952 | |0 0 |1 0 |3 erb |4 0 |6 121_000000000000000_CAT_2010 |7 0 |8 A |9 485142 |a BIBEDU |b BIBEDU |c ES_NOD |i 5414997 |o 121 CAT 2010 |p 5414997 |r 2023-08-09 |w 2019-11-24 |y BK |z Catalogado en:20170818 |k PSI | ||